000 00689nab a2200193 4500
001 244442
003 OSt
005 20251105140259.0
007 tu
008 200917s2020|||||||
040 _aDE-2950
_cDE-2950
245 0 0 _aSituation fordert Bestatter heraus
_bBauarbeiten. Nach dem Brand auf dem Frankfurter Hauptfriedhof hoffen Bestatter und Angehörige auf eine baldige Wiedereröffnung der Trauerhalle - bis dahin bleibt Improvisation gefragt/
_cThomas Meiler
264 _c2025
653 _aFrankfurt (Oder)
653 _aHauptfriedfhof
653 _aTrauerhalle
773 0 _g36. Jahrgang (2025) Nr. 254 vom 01.11.2025, S. 15 mit Foto
_tMärkische Oderzeitung
942 _2z
_cA
999 _c374099
_d374099